| 000 | 01148cam a2200217 4500 | ||
|---|---|---|---|
| 001 | J122310 | ||
| 008 | 030514n2003 000 0 eng u | ||
| 035 | _a(Sirsi) u122310 | ||
| 041 | _aeng | ||
| 050 |
_a639.9 _c18 |
||
| 110 | _aDEFRA | ||
| 245 |
_aSites of special scientific interest _bencouraging positive partnerships |
||
| 260 |
_aLondon _bDEFRA _c2003 |
||
| 520 | _aA new DEFRA code of guidance on the protection and management of Sites of Special Scientific Interest (SSSIs). The code provides recommendations, advice and information on how the provisions of the Countryside and Rights of Way Act 2000 should operate to English Nature, public and private bodies and will be of interest to individual owners and occupiers. View at www.defra.gov.uk/wildlife-countryside/. | ||
| 650 | _aNATURE CONSERVATION | ||
| 650 | _aCOUNTRYSIDE AND RIGHTS OF WAY ACT 2000 | ||
| 650 | _aSITES OF SPECIAL SCIENTIFIC INTEREST | ||
| 690 | _aENVIRONMENTAL AND LAND CONSULTANCY-ENVIRONMENTAL MANAGEMENT | ||
| 856 |
_uhttps://www.defra.gov.uk/wildlife-countryside/ewd/sssi/sssi-code.pdf _vVie the code (pdf 199kb) on the DEFRA website... |
||
| 942 | _n0 | ||
| 999 |
_c102823 _d102823 |
||